000 00649nam a22001817a 4500
003 UA-OsUOA
001 10791
007 ta
008 20050127b un ||||| |||| 00| 0 ukr d
100 _aТитаренко Т.
942 _cSA
040 _aUA-OsUOA
_cUA-OsUOA
_dUA-OsUOA
245 _aЖиттєві домагання особистості: феноменологічний та стуктурно-функціональний підходи
300 _aС.128 - 146
955 _a0
773 0 _w0
_tПсихологія і суспільство
_dТернопіль
_d2004
_g№4
650 7 _aПсихологія особистості
_2UDC
999 _c296952
_d296952